The I-Series Computing Concepts Introductory /

This exciting and innovating concepts text emphasizes all that is current, cutting-edge, and interesting to students in the introductory course. Focusing specifically on users, consumers and purchasers of technology, this text provides a no-nonsense coverage of the absolute essentials for using tech...

詳細記述

保存先:
書誌詳細
第一著者: Cummings Maeve
その他の著者: I. Rea Alan, Haag Stephen
フォーマット: 図書
言語:Vietnamese
出版事項: American : Career Education , 2003
版:Tái bản lần thứ 2
主題:
タグ: タグ追加
タグなし, このレコードへの初めてのタグを付けませんか!
Thư viện lưu trữ: Thư viện Trường CĐ Kỹ Thuật Cao Thắng
LEADER 01451nam a2200265 a 4500
001 TVCDKTCT8193
003 Thư viện trường Cao đẳng Kỹ thuật Cao Thắng
005 20070831000000
008 070831
980 \ \ |a Thư viện Trường CĐ Kỹ Thuật Cao Thắng 
024 |a RG_1 #1 eb0 i1 
020 # # |a 0072830816 
041 0 # |a vie 
082 # # |a 004 /   |b I300S-s 
100 1 # |a Cummings Maeve 
245 0 0 |a The I-Series Computing Concepts Introductory /  |c Cummings Maeve, I. Rea Alan, Haag Stephen 
250 # # |a Tái bản lần thứ 2 
260 # # |a American :  |b Career Education ,  |c 2003 
300 # # |a 456tr. ;  |c 27cm 
520 # # |a This exciting and innovating concepts text emphasizes all that is current, cutting-edge, and interesting to students in the introductory course. Focusing specifically on users, consumers and purchasers of technology, this text provides a no-nonsense coverage of the absolute essentials for using technology in today’s wired (and wireless!) world. The I-Series offers excellent coverage of the basics, as well as extensive information on building a website, e-commerce, implications of technological advances, buying your first PC, maintaining a computer system, and more. Each chapter also contains coverage of ethics, security, and privacy. 
650 # 4 |a coverage of the basics 
650 # 4 |a Building website 
650 # 4 |a E-Commerce 
700 0 # |a I. Rea Alan 
700 0 # |a Haag Stephen